Weaving the Web : (Record no. 165)

000 -LEADER
fixed length control field 01275cam a22003374a 4500
001 - CONTROL NUMBER
control field 11973712
003 - CONTROL NUMBER IDENTIFIER
control field OSt
005 - DATE AND TIME OF LATEST TRANSACTION
control field 20210417103409.0
008 - FIXED-LENGTH DATA ELEMENTS--GENERAL INFORMATION
fixed length control field 000413s2000 nyua b 001 0 eng
010 ## - LIBRARY OF CONGRESS CONTROL NUMBER
LC control number 00039593
020 ## - INTERNATIONAL STANDARD BOOK NUMBER
International Standard Book Number 006251587X (pbk.)
040 ## - CATALOGING SOURCE
Original cataloging agency DLC
Transcribing agency DLC
Modifying agency DLC
042 ## - AUTHENTICATION CODE
Authentication code pcc
050 00 - LIBRARY OF CONGRESS CALL NUMBER
Classification number TK5105.888
Item number .B46 2000
080 ## - UNIVERSAL DECIMAL CLASSIFICATION NUMBER
Universal Decimal Classification number 681
Item number B-49
082 00 - DEWEY DECIMAL CLASSIFICATION NUMBER
Classification number 025.04
Edition number 21
100 1# - MAIN ENTRY--PERSONAL NAME
Personal name Berners-Lee, Tim.
245 10 - TITLE STATEMENT
Title Weaving the Web :
Remainder of title the original design and ultimate destiny of the World Wide Web by its inventor /
Statement of responsibility, etc. Tim Berners-Lee with Mark Fischetti ; [foreword by Michael Dertouzos].
250 ## - EDITION STATEMENT
Edition statement 1st pbk. ed.
260 ## - PUBLICATION, DISTRIBUTION, ETC.
Place of publication, distribution, etc. New York :
Name of publisher, distributor, etc. HarperCollins Publishers,
Date of publication, distribution, etc. 2000.
300 ## - PHYSICAL DESCRIPTION
Extent ix, 246 p. :
Other physical details ill. ;
Dimensions 21 cm.
504 ## - BIBLIOGRAPHY, ETC. NOTE
Bibliography, etc. note Includes bibliographical references and index.
600 10 - SUBJECT ADDED ENTRY--PERSONAL NAME
Personal name Berners-Lee, Tim.
650 #0 - SUBJECT ADDED ENTRY--TOPICAL TERM
Topical term or geographic name entry element World Wide Web
General subdivision History.
650 #0 - SUBJECT ADDED ENTRY--TOPICAL TERM
Topical term or geographic name entry element Internet
9 (RLIN) 459
653 ## - INDEX TERM--UNCONTROLLED
Uncontrolled term ისტორია
-- ინტერნეტი
700 1# - ADDED ENTRY--PERSONAL NAME
Personal name Fischetti, Mark.
906 ## - LOCAL DATA ELEMENT F, LDF (RLIN)
a 7
b cbc
c orignew
d 1
e ocip
f 20
g y-gencatlg
942 ## - ADDED ENTRY ELEMENTS (KOHA)
Source of classification or shelving scheme
Koha item type Books
Edition 1
Holdings
Withdrawn status Lost status Source of classification or shelving scheme Damaged status Not for loan Permanent location Current location Date acquired Inventory number Full call number Barcode Date last seen Price effective from Koha item type
          Ken Walker International University Ken Walker International University 11/11/2020 142 681 B-49 142 11/11/2020 11/11/2020 Books
          Ken Walker International University Ken Walker International University 11/12/2020 138 681.1 B-49 138 11/12/2020 11/12/2020 Books

Powered by Koha